The match : (Record no. 12801)
[ view plain ]
| 000 -LEADER | |
|---|---|
| fixed length control field | 00731nam a2200241 a 4500 |
| 001 - CONTROL NUMBER | |
| control field | 12801 |
| 003 - CONTROL NUMBER IDENTIFIER | |
| control field | BD-JhCC |
| 005 - DATE AND TIME OF LATEST TRANSACTION | |
| control field | 20230513130401.0 |
| 008 - FIXED-LENGTH DATA ELEMENTS--GENERAL INFORMATION | |
| fixed length control field | 230513s2007 enka 000 0 eng d |
| 015 ## - NATIONAL BIBLIOGRAPHY NUMBER | |
| National bibliography number | GBA760518 |
| Source | bnb |
| 020 ## - INTERNATIONAL STANDARD BOOK NUMBER | |
| International Standard Book Number | 9781401302788 |
| 035 ## - SYSTEM CONTROL NUMBER | |
| System control number | (BD-JhCC) |
| 040 ## - CATALOGING SOURCE | |
| Original cataloging agency | StDuBDS |
| Modifying agency | UkOxU |
| Transcribing agency | BD-JhCC |
| 042 ## - AUTHENTICATION CODE | |
| Authentication code | ukscp |
| 082 04 - DEWEY DECIMAL CLASSIFICATION NUMBER | |
| Classification number | 796.352660979476 |
| Edition number | 22 |
| Item number | FRO 2007 |
| 100 1# - MAIN ENTRY--PERSONAL NAME | |
| Personal name | Frost, Mark, |
| Dates associated with a name | 1953- |
| 245 14 - TITLE STATEMENT | |
| Title | The match : |
| Remainder of title | Hogan, Nelson, Venturi, Ward and the day that changed the game of golf for ever / |
| Statement of responsibility, etc. | Mark Frost. |
| 260 ## - PUBLICATION, DISTRIBUTION, ETC. | |
| Place of publication, distribution, etc. | London : |
| Name of publisher, distributor, etc. | Sphere, |
| Date of publication, distribution, etc. | 2007. |
| 263 ## - PROJECTED PUBLICATION DATE | |
| Projected publication date | 200711 |
| 300 ## - PHYSICAL DESCRIPTION | |
| Extent | 274 p. : |
| Other physical details | ill. ; |
| Dimensions | 22 cm. |
| 650 #0 - SUBJECT ADDED ENTRY--TOPICAL TERM | |
| Topical term or geographic name entry element | Golf |
| Geographic subdivision | California |
| -- | Pebble Beach |
| General subdivision | History |
| Chronological subdivision | 20th century. |
| 942 ## - ADDED ENTRY ELEMENTS (KOHA) | |
| Source of classification or shelving scheme | Dewey Decimal Classification |
| Koha item type | Books |
| Withdrawn status | Lost status | Source of classification or shelving scheme | Damaged status | Not for loan | Home library | Current library | Shelving location | Date acquired | Cost, normal purchase price | Total Checkouts | Full call number | Barcode | Date last seen | Date last checked out | Copy number | Price effective from | Koha item type |
|---|---|---|---|---|---|---|---|---|---|---|---|---|---|---|---|---|---|
| Dewey Decimal Classification | JCC Rouf Library | JCC Rouf Library | General Stacks | 05/13/2023 | 800.00 | 1 | 796.352660979476 FRO 2007 | 17776 | 02/19/2024 | 02/12/2024 | C-1 | 05/13/2023 | Books |